000 00697cam a22002531 4500
001 sa 66004425
003 DLC
005 20260227112242.0
008 940615s1965 ii a b 000 0 malo
010 _asa 66004425
025 _aPL480:I-Mal-683
035 _a(OCoLC)30612415
040 _aDLC
_cCU
_dCU
_dDLC
042 _apremarc
050 0 0 _aBV150
_b.K86
100 1 _aKuruvilla, P. T.
245 1 0 _aKr̲aistava cihnaṅṅaḷ.
250 _a[1st ed.]
260 _aTiruvalla,
_bChristian Literature Society, Malayalam Branch
_c[1965]
300 _axi, 112 p.
_bill.
_c18 cm.
500 _aIn Malayalam.
504 _aBibliography: p. 112.
650 0 _aChristian art and symbolism.
999 _c69406
_d69406